Normal view
MARC view
Entry Personal Name
001 - CONTROL NUMBER
- control field: 54310
003 - CONTROL NUMBER IDENTIFIER
- control field: dpl
005 - DATE AND TIME OF LATEST TRANSACTION
- control field: 20121213171415.0
008 - FIXED-LENGTH DATA ELEMENTS
- fixed length control field: 121213|||a|||||| | ||| d
040 ## - CATALOGING SOURCE
- Original cataloging agency: dpl
- Transcribing agency: dpl
100 ## - HEADING--PERSONAL NAME
- Personal name: Tilak, Bal Gangadhar,
- Dates associated with a name: 1856-1920
- General subdivision: Political and social views
- Form subdivision: Congresses.
670 ## - SOURCE DATA FOUND
- Source citation: Work cat.: (dpl)0: "Special Symposium" on Bal Gangadhar Tilak (2007 : Calicut, India) 54309, Bal Gangadhar Tilak :, 2011.
670 ## - SOURCE DATA FOUND
- Source citation: Work cat.: (dpl)0: "Special Symposium" on Bal Gangadhar Tilak (2007 : Calicut, India) 54309, Bal Gangadhar Tilak :, 2011.
